00761nam a2200229Ia 4500003000400000005001700004008004100021040001800062041000800080082002500088100002800113245006200141250001200203260004300215300003000258650002200288650002000310650002100330942003400351999001900385952012700404OSt20250129114909.0210716s1991 xx 000 0 und d cAIMIT LIBRARY aeng a006.620288 21bGROM aGross, Michael.9195960 aNorton utilities 5 instant reference /cBy Michael Gross. a1st ed. aNew Delhi :bBPB Publications ,c1991. axiii,162p. ;bPBc21.5 cm aPrintchar9195961 aDiskmon9195962 aFilefind9195963 2ddccBKe1stk006.620288 GROM c182100d182100 001040708MCAaAIMITbAIMITd2021-07-16g36.00l0o006.620288 GROMpMCA01608r2026-05-23 00:00:00v36.00w2021-07-16yBK